03568cam a22003258i 450000100090000000300040000900500170001300800410003001000170007102000290008802000300011704000230014704200080017005000210017808200200019908400230021910000430024224500650028526300090035026400510035930000130041033600260042333700280044933800270047750506530050452009850115752010220214265000240316465000540318819685918OSt20231206144751.0170602s2017 nyu 000 0 eng  a 2017020505 a9781107175334 (hardback) a9781316627365 (paperback) aDLCbengerdacDLC apcc00aHB75b.R646 201700a330.1509bRON/B aBUS0230002bisacsh1 aRoncaglia, Alessandro,d1947-eauthor.12aA brief history of economic thought /cAlessandro Roncaglia. a1709 1aNew York :bCambridge University Press,c2017. a310pages atextbtxt2rdacontent aunmediatedbn2rdamedia avolumebnc2rdacarrier8 aMachine generated contents note: 1. Introduction: the history of economic thought and its role; 2. The prehistory of political economy; 3. William Petty and the origins of political economy; 4. From body politic to economic tables; 5. Adam Smith; 6. Economic science at the time of the French Revolution; 7. David Ricardo; 8. The Ricardians and the decline of Ricardianism; 9. Karl Marx; 10. The Marginalist Revolution: the subjective theory of value; 11. The Austrian school and its neighbourhood; 12. General economic equilibrium; 13. Alfred Marshall; 14. John Maynard Keynes; 15. Joseph Schumpeter; 16. Piero Sraffa; 17. The age of disgregation. a"The evolution of economic thought can be traced back from its beginnings in classical antiquity up to the present day. In this book, Professor Alessandro Roncaglia offers a clear, concise and updated version of his award-winning The Wealth of Ideas, studying the development of economic thought through perspectives and debates on the economy and society over time. With chapters on prominent economic theorists, including William Petty, Karl Marx, and John Maynard Keynes, as well as on other important figures and key debates of each period, Roncaglia critically evaluates the foundations of the marginalist-neoclassical (scarcity-utility) approach in comparison to the Classical-Keynes approach. A comprehensive guide to the history of economic thought, this book will be of value not only to undergraduate and postgraduate students studying economic thought, but also to any readers desiring to study how economics has evolved up to the present day"--cProvided by publisher. a"A Brief History of Economic Thought The evolution of economic thought can be traced back from its beginnings in classical antiquity up to the present day. In this book, Professor Alessandro Roncaglia offers a clear, concise and updated version of his award- winning The Wealth of Ideas, studying the development of economic thought through perspectives and debates on the economy and society over time. With chapters on prominent economic theorists, including William Petty, Karl Marx, and John Maynard Keynes, as well as on other important figures and key debates of each period, Roncaglia critically evaluates the foundations of the marginalist-neoclassical (scarcity-utility) approach in comparison to the Classical-Keynes approach. A comprehensive guide to the history of economic thought, this book will be of value not only to undergraduate and postgraduate students studying economic thought, but also to any readers desiring to study how economics has evolved up to the present day"--cProvided by publisher. 0aEconomicsxHistory. 7aBUSINESS & ECONOMICS / Economic History.2bisacsh